000 00325nam a2200145Ia 4500
008 150201s2005 xx 000 0 und d
082 _a611
_bC2005S
100 _aSINGH,VISHARM
245 _aCLINICAL ANATOMY
250 _a1ST
260 _bELSEVIER
_aDELHI
_c2005
300 _a1-346
650 _aANATOMY
942 _2ddc
_cBK
999 _c3410
_d3410